| Поле | Название | Значение |
| |
Тип записи |
a |
| |
Библиографический уровень |
c |
| 001 |
Контрольный номер |
3db2cdba79a44d939c883e695f4d6bf4 |
| 005 |
Дата корректировки |
20201206205207.4 |
| 010 |
Индекс ISBN |
__ |
| a |
ISBN |
978-5-00095-627-4 (в пер.) |
| d |
Цена |
692-67, 500 экз. |
| 100 |
Данные общей обработки |
__ |
| a |
Данные общей обработки |
19190711d2018||||||| 0rusy0189 ca |
| 101 |
Язык документа |
0_ |
| a |
Язык текста |
rus |
| 102 |
Страна публикации |
__ |
| a |
Страна публикации |
ru |
| 102 |
Страна публикации |
__ |
| a |
Страна публикации |
RU |
| 105 |
Кодированные данные (монография) |
__ |
| a |
Кодированные данные (монография) |
#||||||||||zy |
| 200 |
Заглавие и сведения об ответственности |
1_ |
| a |
Заглавие |
Посылка из Америки |
| e |
Сведения, относящиеся к заглавию |
рассказы и повести |
| f |
Первые сведения об ответственности |
Василий Киляков |
| b |
Общее обозначение материала |
Текст |
| 210 |
Выходные данные |
__ |
| a |
Место издания |
Москва |
| c |
Издательство |
У Никитских ворот |
| d |
Дата издания |
2018 |
| 215 |
Физическое описание |
__ |
| a |
Объем |
548, [3] с. |
| d |
Формат |
22 см |
| 327 |
Примечание о содержании |
__ |
| a |
Примечание о содержании |
Капитал |
| 327 |
Примечание о содержании |
__ |
| a |
Примечание о содержании |
Неугомонный |
| 327 |
Примечание о содержании |
__ |
| a |
Примечание о содержании |
Стегней и Варька |
| 327 |
Примечание о содержании |
__ |
| a |
Примечание о содержании |
Балагур |
| 327 |
Примечание о содержании |
__ |
| a |
Примечание о содержании |
Товарищи |
| 327 |
Примечание о содержании |
__ |
| a |
Примечание о содержании |
Божья Шишечка |
| 327 |
Примечание о содержании |
__ |
| a |
Примечание о содержании |
Будьте любезны! |
| 327 |
Примечание о содержании |
__ |
| a |
Примечание о содержании |
Голубых кровей |
| 327 |
Примечание о содержании |
__ |
| a |
Примечание о содержании |
Знак |
| 327 |
Примечание о содержании |
__ |
| a |
Примечание о содержании |
Дочь Севера |
| 330 |
Аннотация |
__ |
| a |
Аннотация |
Василий Киляков родился в 1960 году в г. Кирове. После окончания Московского политехникума работал мастером на заводе г. Электросталь, служил в армии. Окончил Литинститут им. Горького. Печатался в журналах "Новый мир", "Октябрь", "Юность", "Молодая гвардия", "Наш современник", "Подъем", "Гостиный двор" и других изданиях. Лауреат литературной премии Бориса Полевого, премии "Немецкая волна", Всероссийской литературной премии "Традиция", премии А. Платонова "Умное сердце". Член Союза писателей России с 1996 года. В данный сборник вошли произведения, дающие исчерпывающее представление об особенностях творческого метода писателя Килякова: живой язык, правдивые характеры, внимание к деталям, намеренная скупость изобразительных средств, - и это не удивительно. Василий Киляков много пишет о деревне, а жизнь в ней простая и честная, и писать о ней надо просто и честно, без надрыва. При этом в его произведениях деревня предстает не каким-то атавизмом, а вполне естественной частью современной жизни. Книга, без сомнения, будет интересна всем, кто соскучился по настоящей живой прозе. |
| 333 |
Примечание о целевом назначении |
__ |
| a |
Примечание о целевом назначении |
16+. Для детей старше 16 лет |
| 606 |
Тематические рубрики |
__ |
| a |
Основная рубрика |
Художественная литература |
| 606 |
Тематические рубрики |
__ |
| a |
Основная рубрика |
Современная русская литература (произведения) |
| 610 |
Ключевые слова |
__ |
| a |
Ключевые слова |
рассказы |
| 610 |
Ключевые слова |
__ |
| a |
Ключевые слова |
проза |
| 610 |
Ключевые слова |
__ |
| a |
Ключевые слова |
современная проза |
| 610 |
Ключевые слова |
__ |
| a |
Ключевые слова |
повести |
| 610 |
Ключевые слова |
__ |
| a |
Ключевые слова |
тема деревни |
| 610 |
Ключевые слова |
__ |
| a |
Ключевые слова |
тема жизни |
| 610 |
Ключевые слова |
__ |
| a |
Ключевые слова |
тема судьбы |
| 610 |
Ключевые слова |
__ |
| a |
Ключевые слова |
тема людей |
| 610 |
Ключевые слова |
__ |
| a |
Ключевые слова |
тема деревенской жизни |
| 686 |
Индексы других классификаций |
__ |
| 2 |
Код системы |
rubbks |
| a |
Классификационный индекс |
84(2=411.2)6-4; ст84(2=411.2)6-4 |
| 700 |
Автор |
_1 |
| a |
Фамилия |
Киляков |
| b |
Имя |
В. В. |
| f |
Даты |
1960- |
| g |
Полное личное имя |
Василий Васильевич |
| 4 |
Код отношения |
070 |
| 801 |
Источник записи |
_0 |
| a |
Страна |
ru |
| b |
Организация |
Муниципальное бюджетное учреждение культуры "Централизованная библиотечная система" г. Сургут (Центральная городская библиотека им. А. С. Пушкина) |
| c |
Дата составления |
20190711 |
| g |
Правила каталогизации |
PSBO |
| 801 |
Источник записи |
_1 |
| a |
Страна |
ru |
| b |
Организация |
Муниципальное бюджетное учреждение культуры "Централизованная библиотечная система" г. Сургут (Центральная городская библиотека им. А. С. Пушкина) |
| c |
Дата составления |
20190711 |
| g |
Правила каталогизации |
PSBO |
| 852 |
Данные о местонахождении |
__ |
| j |
Шифр хранения |
84(2=411.2)6-4 |
| i |
Авторский знак |
К 39 |
| 901 |
Тип документа |
__ |
| t |
Тип документа |
x |
| a |
Ответственный |
ООФиК/Волкова |
| 903 |
Характеристики (МАРС) |
__ |
| a |
Дата передачи |
20190711 |
| 990 |
Данные о заказе (DOS) |
__ |
| j |
Количество экземпляров (DOS) |
8 |
| t |
N записи в КСУ для И/У (DOS) |
201908 |